000
00206nam a22000857a 4500
008
170209b xxu||||| |||| 00| 0 eng d
100
_9
2829
_a
Rajaram.A.D
245
_a
Cub Hand Book
260
_a
New delhi
_b
BS
_c
2010
999
_c
6047
_d
6047